|
|
|
|
| LEADER |
00000nam0a2200000 4500 |
| 001 |
91577 |
| 005 |
20231101213800.0 |
| 010 |
|
|
|a 5699092331
|
| 035 |
|
|
|a (RuTPU)RU\TPU\book\98166
|
| 090 |
|
|
|a 91577
|
| 100 |
|
|
|a 20060227d2005 km y0rusy50 ca
|
| 101 |
0 |
|
|a rus
|
| 102 |
|
|
|a RU
|
| 105 |
|
|
|a ac z 000zb
|
| 200 |
1 |
|
|a Николай Карамзин
|f В. Б. Муравьев
|
| 210 |
|
|
|a Москва
|c Эксмо
|d 2005
|
| 215 |
|
|
|a 608 с.
|c ил., портр.
|
| 225 |
1 |
|
|a Русские биографии
|
| 330 |
|
|
|a Николай Михайлович Карамзин (1766—1826) — великий российский историк и писатель, реформатор отечественной словесности. Он ввел в русский язык букву «ё», бессмертным романом «Бедная Лиза» не только положил начало новому литературному направлению — сентиментализму, но и определил дальнейшие пути развития отечественной литературы. Однако главным трудом всей его жизни по праву считается двенадцатитомная «История государства Российского», грандиозная работа, в которой автор впервые во всей полноте раскрыл перед российским читателем масштабную картину нашего прошлого. В этой книге, принадлежащей перу Владимира Муравьева, известного историка и литератора, Н. М. Карамзин предстает не только в облике дворцового историографа, внесшего неоценимый вклад в исследования «преданий старины глубокой», но и как простой смертный — внимательный сын, любящий муж, заботливый отец, Человек с большой буквы, до конца жизни сохранивший преданность своему Отечеству.
|
| 600 |
|
1 |
|a Карамзин
|g Николай Михайлович
|b Н. М.
|c российский историк
|c писатель
|f 1766-1826
|c критик
|2 stltpui
|3 (RuTPU)RU\TPU\pers\35
|
| 606 |
1 |
|
|a Историография в России
|2 stltpush
|3 (RuTPU)RU\TPU\subj\53391
|9 71660
|
| 610 |
1 |
|
|a российские историки
|
| 610 |
1 |
|
|a персоналии
|
| 610 |
1 |
|
|a биографии
|
| 610 |
1 |
|
|a российские писатели
|
| 610 |
1 |
|
|a сентиментализм
|
| 686 |
|
|
|a Т1(2)
|v LBC/SL-A
|2 rubbk
|
| 700 |
|
1 |
|a Муравьев
|b В. Б.
|g Владимир Брониславович
|
| 801 |
|
1 |
|a RU
|b 63413507
|c 20060227
|g PSBO
|
| 801 |
|
2 |
|a RU
|b 63413507
|c 20220930
|g PSBO
|
| 942 |
|
|
|c BK
|
| 959 |
|
|
|a 18/20060226
|d 1
|e 170,94
|f ЧЗГЛ:1
|